000 00480nam a2200145Ia 4500
008 100122s9999 xx 000 0 und d
082 _b47158
_a925
100 _aपाठक सरिता
245 _aभारतीय शास्त्रज्ञ
260 _bपरिमल प्रकाशन
_c1992
300 _a99
630 _aभारतीय शास्त्रज्ञ
730 _aभारतीय शास्त्रज्ञ
942 _cBOOK
999 _c426078
_d426075